Environmental Management Standards (ISO 14000) : Towards A Sustainable Future / (Record no. 27229)

000 -LEADER
fixed length control field 00937nam a22002297a 4500
001 - CONTROL NUMBER
control field 0000003563
003 - CONTROL NUMBER IDENTIFIER
control field PPM
005 - DATE AND TIME OF LATEST TRANSACTION
control field 20260424101000.0
008 - FIXED-LENGTH DATA ELEMENTS--GENERAL INFORMATION
fixed length control field 260424b ||||| |||| 00| 0 eng d
020 ## - INTERNATIONAL STANDARD BOOK NUMBER
International Standard Book Number 983931954X
Terms of availability RM 95.00
Qualifying information Hardback
035 ## - SYSTEM CONTROL NUMBER
System control number 0000003563
040 ## - CATALOGING SOURCE
Language of cataloging Eng
Transcribing agency Pusat Penyelidikan Mineral, Jabatan Mineral Dan Geosains Malaysia
Modifying agency PPM
Description conventions RDA
082 00 - DEWEY DECIMAL CLASSIFICATION NUMBER
Edition number 21
Classification number 658.4080
Item number ENV 1999
245 10 - TITLE STATEMENT
Title Environmental Management Standards (ISO 14000) : Towards A Sustainable Future /
Statement of responsibility, etc. edited by Muhamad Awang ...[et al].,
260 #1 - PUBLICATION, DISTRIBUTION, ETC.
Place of publication, distribution, etc. Serdang :
Name of publisher, distributor, etc. Penerbit Universiti Putra Malaysia Press,
Date of publication, distribution, etc. 1999
300 00 - PHYSICAL DESCRIPTION
Extent ix, 287 pages .:
Other physical details table, illustrations.;
Dimensions 27 cm
500 ## - GENERAL NOTE
General note Koleksi Peribadi YABhg. Tun Ahmad Sarji
504 ## - BIBLIOGRAPHY, ETC. NOTE
Bibliography, etc. note Includes bibliographical references (p.: 277 - 278) and index (p.: 279 - 287 )
650 10 - SUBJECT ADDED ENTRY--TOPICAL TERM
Topical term or geographic name entry element Environmental protection
General subdivision Standards
Geographic subdivision Malaysia
700 1# - ADDED ENTRY--PERSONAL NAME
Personal name Muhammad Awang
Relator term editor
942 ## - ADDED ENTRY ELEMENTS (KOHA)
Source of classification or shelving scheme
Koha item type Books
Holdings
Withdrawn status Lost status Source of classification or shelving scheme Damaged status Not for loan Collection code Permanent Location Current Location Shelving location Date acquired Cost, normal purchase price Total Checkouts Full call number Date last seen Price effective from Koha item type
Available         Open Shelf PPM PPM Open Shelf 24/04/2026 95.00   658.4080 ENV 1999 24/04/2026 24/04/2026 Books